MARC

LEADER 00000nbm0a2200000 4500
001 125594
005 20231031131417.0
035 |a (RuTPU)RU\TPU\book\135900 
090 |a 125594 
100 |a 20071119d2007 k y0rusy50 ca 
101 0 |a rus 
102 |a RU 
105 |a a m 001zy 
200 1 |a Эколого-геохимическое состояние подземных вод зоны активного водообмена юга Кузбасса  |e диссертация на соискание ученой степени кандидата геолого-минералогических наук  |e спец. 25.00.07  |f М. П. Андреева  |g Томский политехнический университет (ТПУ); науч. рук. С. Л. Шварцев 
210 |a Томск  |c [Б. и.]  |d 2007 
215 |a 188 л.  |c ил. 
320 |a Библиогр.: с. 178-188 (117 назв.). 
610 1 |a гидрогеология 
610 1 |a Кузбасс 
610 1 |a воды природные 
610 1 |a изученность 
610 1 |a физико-географические условия 
610 1 |a геологическое строение 
610 1 |a гидрогеологическое строение 
610 1 |a воды подземные 
610 1 |a геохимия 
610 1 |a активный водообмен 
610 1 |a эколого-геохимическое состояние 
610 1 |a техногенная трансформация 
610 1 |a формирование 
610 1 |a зоны активного водообмена 
610 1 |a диссертации 
675 |a 556.3(571)(04)  |v 3 
686 |a 25.00.07  |2 oksvnk 
700 1 |a Андреева  |b М. П.  |g Маргарита Павловна 
702 1 |a Шварцев  |b С. Л.  |c российский гидрогеолог, доктор геолого-минералогических наук  |c профессор Томского политехнического университета, академик РАЕН  |f 1936-  |g Степан Львович  |2 stltpush  |3 (RuTPU)RU\TPU\pers\25914  |4 727 
712 0 2 |a Томский политехнический университет (ТПУ)  |z 1991-  |2 stltpush  |3 (RuTPU)RU\TPU\col\376 
801 1 |a RU  |b 63413507  |c 20071119  |g PSBO 
801 2 |a RU  |b 63413507  |c 20100522  |g PSBO 
942 |c BK